Psicología pedagógica: un curso breve

Αποθηκεύτηκε σε:
Λεπτομέρειες βιβλιογραφικής εγγραφής
Κύριος συγγραφέας: Vygotski, Lev Semiónovich (Συγγραφέας)
Μορφή: Βιβλίο
Γλώσσα:Ισπανικά
Έκδοση: Buenos Aires Aique 2001
Σειρά:Psicología Cognitiva y Educación
Θέματα:
Ετικέτες: Προσθήκη ετικέτας
Δεν υπάρχουν, Καταχωρήστε ετικέτα πρώτοι!

MARC

LEADER 00000nam a2200000 a 4500
001 UCM1729
003 CL-VaPUC
008 020412e20010000AG |||||||||||||||||spa|d
020 |a 9507017771 
082 0 4 |a 370.15  |b VYG  |2 21 
100 0 |a Vygotski, Lev Semiónovich  |e author  |9 312943 
245 1 0 |a Psicología pedagógica: un curso breve 
300 |a 502 p 
942 |c BK 
945 |d 20020412 00:00:00  |a vberengu 
260 |a Buenos Aires  |b Aique  |c 2001 
650 0 |a Pedagogía  |9 255351 
650 0 |a Psicología   |9 257863 
650 0 |a Educación  |9 258661 
650 0 |a Comportamiento   |9 308406 
583 |a last modification  |c 20020412 00:00:00  |k Rodrigo Vera 
490 0 |a Psicología Cognitiva y Educación 
999 |c 299975  |d 299973 
952 |0 0  |1 0  |4 0  |6 370_150000000000000_VYG_2001  |7 0  |8 A  |9 357184  |a BIBEDU  |b BIBEDU  |d 2019-11-21  |i 3808327  |o 370.15 VYG 2001  |p 3808327  |r 2019-11-21  |w 2019-11-21  |y BK  |k PSI 
952 |0 0  |1 0  |4 0  |6 370_150000000000000_VYG_2001  |7 0  |8 A  |9 357185  |a BIBEDU  |b BIBEDU  |d 2019-11-21  |i 3975037  |o 370.15 VYG 2001  |p 3975037  |r 2019-11-21  |w 2019-11-21  |y BK  |k EBA